ბათუმის შოთა რუსთაველის სახელმწიფო უნივერსიტეტის ბიბლიოთეკა

აჭარული საუნჯე I. / (ბიბ.ჩანაწერი № 41538)

000 -ლიდერი
ფიქსირებული სიგრძის საკონტროლო ველი 01938nam a2200277Ia 4500
001 - საკონტროლო ნომერი
საკონტროლო ველი 8205
003 - საკონტროლო ნომრის იდენტიფიკატორი
საკონტროლო ველი GE_BSU
005 - ბოლო ოპერაციის თარიღი და დრო
საკონტროლო ველი 20221006102046.0
008 - ფიქსირებული სიგრძის მონაცემთა ელემენტები - ზოგადი ინფორმაცია
ფიქსირებული სიგრძის საკონტროლო ველი 181216s2013ge xx |||||||||||||| ||geo||
020 ## - წიგნის საერთაშორისო სტანდარტული ნომერი
International Standard Book Number 9789941434334(I.ტ)
040 ## - კატალოგიზაციის წყარო
Transcribing agency GE_BSU
041 ## - ენის კოდი
Language code of text/sound track or separate title geo
080 ## - უნივერსალური ათობითი კლასიფიკაციის ინდექსი
Universal Decimal Classification number 821.353.1-91+398.22(=353.1) ა-95
245 ## - ცნობა სათაურის შესახებ
Title აჭარული საუნჯე I. /
Statement of responsibility, etc მთ.რედ. ალიოშა ბაკურიძე,რედ. ნოდარ კახიძე,როინ მალაყმაძე,ნანული ნოღაიდელი,ბიჭიკო დიასამიძე,შუშანა ფუტკარაძე.
264 ## - წარმოების, გამოცემის, დისტრიბუციის და სხვა ცნობები
გამოცემის, წარმოების, დისტრიბუციის... ადგილი ბათუმი :
გამოცემის, წარმოების, დისტრიბუციის... სახელწოდება შოთა რუსთაველის სახელმწ.უნ-ტის გამ-ბა,
გამოცემის, წარმოების, დისტრიბუციის... თარიღი 2013.
300 ## - ფიზიკური აღწერა
Extent 670 გვ;
Dimensions 29 სმ.
500 ## - ზოგადი შენიშვნა
General note ტომი ეძღვნება 1958 წლის ზემო აჭარაში ბათუმის ნ. ბერძენიშვილის სახ. სამეცნ.-კვლევ. ინ-ტის მიერ
501 ## - შენიშვნა თანმხლებ მასალაზე
With note ფ.პორტ.ლექსიკონი გვ:625-651.გეოგრაფ.სახელთა საძ:652-653.
653 ## - INDEX TERM--UNCONTROLLED
Uncontrolled term აჭარული საუნჯე
653 ## - INDEX TERM--UNCONTROLLED
Uncontrolled term აჭარული ზეპირსიტყვიერება.
700 ## - ADDED ENTRY--PERSONAL NAME
Personal name ბაკურიძე, ალიოშა
Relator term მთავარი რედაქტორი
9 (RLIN) 15074
700 ## - ADDED ENTRY--PERSONAL NAME
Personal name კახიძე, ნოდარ
Relator term რედაქტორი [და სხვ.
9 (RLIN) 15075
710 ## - ADDED ENTRY--CORPORATE NAME
Corporate name or jurisdiction name as entry element ნიკო ბერძენიშვილის ინ-ტის ფოლკლორის,დიალექტოლოგიისა და ემიგრანტული ლიტ.კვლევის განყოფილება.
9 (RLIN) 15076
942 ## - ADDED ENTRY ELEMENTS (KOHA)
Koha item type წიგნი
Source of classification or shelving scheme
ეგზემპლარები
ჩამოწერის სტატუსი დაკარგული ეგზემპლარის სტატუსი კლასიფიკაციის წყარო ან თაროზე გაწყობის სქემა დაზიანების სტატუსი არ გაიცემა მუდმივი მდებარეობა (დაცვის ადგილი) ამჟამინდელი ადგილსამყოფელი თაროზე განთავსების ადგილი შეძენის თარიღი ღირებულება, შესყიდვის ნორმალური ფასი სრული შენახვის შიფრი შტრიხკოდი ბოლო ოპერაციის თარიღი ეგზემპლარის მიმდევრობითი ნომერი (კეტერი?) ფასის ძალაში შესვლის თარიღი ეგზემპლარის სახეობა საჯარო შენიშვნა
          ბათუმის შოთა რუსთაველის სახელმწიფო უნივერსიტეტის მთავარი ბიბლიოთეკა ბათუმის შოთა რუსთაველის სახელმწიფო უნივერსიტეტის მთავარი ბიბლიოთეკა წიგნსაცავი 2018-12-17 12.00 821.353.1-91+398.22(=353.1) ა-95 25204 2018-12-17 25204 2018-12-17 წიგნი 12ლ.43თ.
          ბათუმის შოთა რუსთაველის სახელმწიფო უნივერსიტეტის მთავარი ბიბლიოთეკა ბათუმის შოთა რუსთაველის სახელმწიფო უნივერსიტეტის მთავარი ბიბლიოთეკა წიგნსაცავი 2018-12-17 12.00 821.353.1-91+398.22(=353.1) ა-95 25205 2018-12-17 25205 2018-12-17 წიგნი 12ლ.43თ.
          ბათუმის შოთა რუსთაველის სახელმწიფო უნივერსიტეტის მთავარი ბიბლიოთეკა ბათუმის შოთა რუსთაველის სახელმწიფო უნივერსიტეტის მთავარი ბიბლიოთეკა წიგნსაცავი 2018-12-17 12.00 821.353.1-91+398.22(=353.1) ა-95 25202 2018-12-17 25202 2018-12-17 წიგნი 12ლ.43თ.
          ბათუმის შოთა რუსთაველის სახელმწიფო უნივერსიტეტის მთავარი ბიბლიოთეკა ბათუმის შოთა რუსთაველის სახელმწიფო უნივერსიტეტის მთავარი ბიბლიოთეკა წიგნსაცავი 2018-12-17 12.00 821.353.1-91+398.22(=353.1) ა-95 25203 2018-12-17 25203 2018-12-17 წიგნი 12ლ.43თ.
          ბათუმის შოთა რუსთაველის სახელმწიფო უნივერსიტეტის მთავარი ბიბლიოთეკა ბათუმის შოთა რუსთაველის სახელმწიფო უნივერსიტეტის მთავარი ბიბლიოთეკა წიგნსაცავი 2018-12-17 12.00 821.353.1-91+398.22(=353.1) ა-95 25206 2018-12-17 25206 2018-12-17 წიგნი 12ლ.43თ.